Jerusalén: la biografía
Gespeichert in:
| 1. Verfasser: | |
|---|---|
| Format: | Buch |
| Sprache: | Spanisch |
| Veröffentlicht: |
Barcelona
Crítica
2011
|
| Ausgabe: | 1a. ed |
| Schriftenreihe: | Serie Mayor
|
| Schlagworte: | |
| Tags: |
Tag hinzufügen
Keine Tags, Fügen Sie den ersten Tag hinzu!
|
MARC
| LEADER | 00000cam a2200000 a 4500 | ||
|---|---|---|---|
| 001 | UCF2941 | ||
| 003 | CL-VaPUC | ||
| 008 | 120914e20110000SP |||||||||||||||||spa|d | ||
| 020 | |a 9788498922332 | ||
| 082 | 0 | 4 | |a 956.94 |b SEB |2 21 |
| 100 | 0 | |a Sebag-Montefiore, Simón |e author |9 564809 | |
| 245 | 1 | 0 | |a Jerusalén: la biografía |
| 250 | |a 1a. ed | ||
| 300 | |a 853 p | ||
| 942 | |c BK | ||
| 945 | |d 20120914 00:00:00 |a cmena | ||
| 260 | |a Barcelona |b Crítica |c 2011 | ||
| 650 | 7 | |a HISTORIA DE JERUSALEN |2 CL-VaPUC |9 346475 | |
| 650 | 0 | |a Judíos |9 313771 | |
| 650 | 0 | |a Musulmanes |9 332296 | |
| 650 | 0 | |a Cristianismo |9 257361 | |
| 583 | |a last modification |c 20120914 00:13:00 |k Rodrigo Vera | ||
| 490 | 0 | |a Serie Mayor | |
| 999 | |c 349479 |d 349477 | ||
| 952 | |0 0 |1 0 |4 0 |6 956_940000000000000_SEB_2011 |7 0 |8 A |9 452105 |a BIBGIM |b BIBGIM |d 2019-11-22 |i 4909666 |o 956.94 SEB 2011 |p 4909666 |r 2025-01-15 |w 2019-11-22 |y BK |k ARA | ||